Movies Quiz

Random Movies or Year Quiz

Movies of 1981 Quiz Stats

 Plays Quiz Updated Apr 30, 2018

Also try: Movies of 1982
Challenge
Share
Tweet
Score 0/16 Timer 06:00
0 Plays Today
Picture Movie % Correct
Raiders of the Lost Ark
95.8%
The Fox and the Hound
80.4%
Chariots of Fire
76.7%
Mad Max 2: The Road Warrior
73.9%
Tarzan, the Ape Man
70.1%
Arthur
67.8%
Stripes
67.6%
On Golden Pond
66.7%
Picture Movie % Correct
Escape from New York
65.3%
Mommie Dearest
49%
History of the World: Part I
43.1%
The Evil Dead
38.7%
Das Boot
35.2%
The Postman Always Rings Twice
28.6%
For Your Eyes Only
23.7%
Carbon Copy
6.3%

You're not logged in!

Compare scores with friends on all Sporcle quizzes.
Join for Free
OR
Log In

You Might Also Like...

Show Comments

Extras

Top Quizzes Today


Score Distribution

Your Account Isn't Verified!

In order to create a playlist on Sporcle, you need to verify the email address you used during registration. Go to your Sporcle Settings to finish the process.

Report this User

Report this user for behavior that violates our Community Guidelines.

Details: